000 00518nam a22001697a 4500
003 OSt
005 20251030061401.0
008 251030b |||||||| |||| 00| 0 eng d
020 _a978-971-27-3716-9
040 _aDWCL - Main Lib
_cOC
082 _aCirc. AL346d 2021
100 _aAlcachupas, Ayris
245 _aDear Doctor Joey /
_cAyris Alcachupas
260 _aMandaluyong City, Philippines :
_bAnvil Publishing, Inc.,
_cc2021
300 _a217 pages :
_billustrations ;
_c20cm.
942 _2ddc
_cBK-CIRC
_mCirc.
_n0
999 _c5339
_d5339